Normal view
MARC view
Entry Personal Name
001 - CONTROL NUMBER
- control field: 37189
003 - CONTROL NUMBER IDENTIFIER
- control field: ARRUPE
005 - DATE AND TIME OF LATEST TRANSACTION
- control field: 20171017140446.0
008 - FIXED-LENGTH DATA ELEMENTS
- fixed length control field: 171017|| aca||aabn | a|a d
040 ## - CATALOGING SOURCE
- Original cataloging agency: ARRUPE
- Transcribing agency: ARRUPE
100 ## - HEADING--PERSONAL NAME
- Personal name: Thomas Aquinas, St.
- General subdivision: Ethics
- Chronological subdivision: 1225?-1274
670 ## - SOURCE DATA FOUND
- Source citation: Work cat.: (ARRUPE)19539: Keenan, James F 1211, Goodness and rightness in Thomas Aquinas's Summa Theologiae